<?xml version="1.0" encoding="UTF-8"?>
<collection xmlns="http://www.loc.gov/MARC21/slim">
 <record>
  <leader>04482cam a2200853   4500</leader>
  <controlfield tag="001">504113542</controlfield>
  <controlfield tag="003">DE-627</controlfield>
  <controlfield tag="005">20241029100845.0</controlfield>
  <controlfield tag="007">tu</controlfield>
  <controlfield tag="008">051207s2006    gw ||||| d    00| ||ger c</controlfield>
  <datafield tag="015" ind1=" " ind2=" ">
   <subfield code="a">05,N51,2357</subfield>
   <subfield code="2">dnb</subfield>
  </datafield>
  <datafield tag="015" ind1=" " ind2=" ">
   <subfield code="a">06,A17,2687</subfield>
   <subfield code="2">dnb</subfield>
  </datafield>
  <datafield tag="016" ind1="7" ind2=" ">
   <subfield code="a">977206173</subfield>
   <subfield code="2">DE-101</subfield>
  </datafield>
  <datafield tag="020" ind1=" " ind2=" ">
   <subfield code="a">3896782886</subfield>
   <subfield code="c">Pp. : EUR 19.90, sfr 33.90</subfield>
   <subfield code="9">3-89678-288-6</subfield>
  </datafield>
  <datafield tag="020" ind1=" " ind2=" ">
   <subfield code="a">9783896782885</subfield>
   <subfield code="9">978-3-89678-288-5</subfield>
  </datafield>
  <datafield tag="024" ind1="3" ind2=" ">
   <subfield code="a">9783896782885</subfield>
  </datafield>
  <datafield tag="035" ind1=" " ind2=" ">
   <subfield code="a">(DE-627)504113542</subfield>
  </datafield>
  <datafield tag="035" ind1=" " ind2=" ">
   <subfield code="a">(DE-576)250884054</subfield>
  </datafield>
  <datafield tag="035" ind1=" " ind2=" ">
   <subfield code="a">(DE-599)GBV504113542</subfield>
  </datafield>
  <datafield tag="035" ind1=" " ind2=" ">
   <subfield code="a">(OCoLC)181513474</subfield>
  </datafield>
  <datafield tag="035" ind1=" " ind2=" ">
   <subfield code="a">(OCoLC)70063808</subfield>
  </datafield>
  <datafield tag="035" ind1=" " ind2=" ">
   <subfield code="a">(AT-OBV)AC04963461</subfield>
  </datafield>
  <datafield tag="040" ind1=" " ind2=" ">
   <subfield code="a">DE-627</subfield>
   <subfield code="b">ger</subfield>
   <subfield code="c">DE-627</subfield>
   <subfield code="e">rakwb</subfield>
  </datafield>
  <datafield tag="041" ind1=" " ind2=" ">
   <subfield code="a">ger</subfield>
  </datafield>
  <datafield tag="044" ind1=" " ind2=" ">
   <subfield code="c">XA-DE-HE</subfield>
  </datafield>
  <datafield tag="082" ind1="0" ind2="4">
   <subfield code="a">943</subfield>
  </datafield>
  <datafield tag="084" ind1=" " ind2=" ">
   <subfield code="a">NC 1800</subfield>
   <subfield code="q">OBV</subfield>
   <subfield code="2">rvk</subfield>
   <subfield code="0">(DE-625)rvk/124416:</subfield>
  </datafield>
  <datafield tag="084" ind1=" " ind2=" ">
   <subfield code="a">NM 1100</subfield>
   <subfield code="q">OBV</subfield>
   <subfield code="2">rvk</subfield>
   <subfield code="0">(DE-625)rvk/126263:</subfield>
  </datafield>
  <datafield tag="084" ind1=" " ind2=" ">
   <subfield code="a">NM 6920</subfield>
   <subfield code="q">OBV</subfield>
   <subfield code="2">rvk</subfield>
   <subfield code="0">(DE-625)rvk/126391:</subfield>
  </datafield>
  <datafield tag="084" ind1=" " ind2=" ">
   <subfield code="a">NM 6900</subfield>
   <subfield code="2">rvk</subfield>
   <subfield code="0">(DE-625)rvk/126390:</subfield>
  </datafield>
  <datafield tag="084" ind1=" " ind2=" ">
   <subfield code="a">07</subfield>
   <subfield code="2">bwlb</subfield>
  </datafield>
  <datafield tag="084" ind1=" " ind2=" ">
   <subfield code="a">15.41</subfield>
   <subfield code="2">bkl</subfield>
  </datafield>
  <datafield tag="084" ind1=" " ind2=" ">
   <subfield code="a">15.33</subfield>
   <subfield code="2">bkl</subfield>
  </datafield>
  <datafield tag="090" ind1=" " ind2=" ">
   <subfield code="a">a</subfield>
  </datafield>
  <datafield tag="100" ind1="1" ind2=" ">
   <subfield code="a">Bedürftig, Friedemann</subfield>
   <subfield code="d">1940-2010</subfield>
   <subfield code="0">(DE-588)120239302</subfield>
   <subfield code="0">(DE-627)080545548</subfield>
   <subfield code="0">(DE-576)165626364</subfield>
   <subfield code="4">aut</subfield>
  </datafield>
  <datafield tag="242" ind1="1" ind2="0">
   <subfield code="a">Originalausg. u. d. T. : Taschenlexikon Staufer</subfield>
   <subfield code="y">ger</subfield>
  </datafield>
  <datafield tag="245" ind1="1" ind2="4">
   <subfield code="a">Die Staufer</subfield>
   <subfield code="b">ein Lexikon</subfield>
   <subfield code="c">Friedemann Bedürftig</subfield>
  </datafield>
  <datafield tag="246" ind1="3" ind2="3">
   <subfield code="a">Taschenlexikon Staufer</subfield>
  </datafield>
  <datafield tag="250" ind1=" " ind2=" ">
   <subfield code="a">Aktual. und erw. Neuausg.</subfield>
  </datafield>
  <datafield tag="264" ind1=" " ind2="1">
   <subfield code="a">Darmstadt</subfield>
   <subfield code="b">Primus-Verl.</subfield>
   <subfield code="c">2006</subfield>
  </datafield>
  <datafield tag="300" ind1=" " ind2=" ">
   <subfield code="a">198 S</subfield>
   <subfield code="b">graph. Darst., Kt</subfield>
   <subfield code="c">22 cm</subfield>
  </datafield>
  <datafield tag="336" ind1=" " ind2=" ">
   <subfield code="a">Text</subfield>
   <subfield code="b">txt</subfield>
   <subfield code="2">rdacontent</subfield>
  </datafield>
  <datafield tag="337" ind1=" " ind2=" ">
   <subfield code="a">ohne Hilfsmittel zu benutzen</subfield>
   <subfield code="b">n</subfield>
   <subfield code="2">rdamedia</subfield>
  </datafield>
  <datafield tag="338" ind1=" " ind2=" ">
   <subfield code="a">Band</subfield>
   <subfield code="b">nc</subfield>
   <subfield code="2">rdacarrier</subfield>
  </datafield>
  <datafield tag="500" ind1=" " ind2=" ">
   <subfield code="a">Orig.-Ausg. 2000 u.d.T.: Taschenlexikon Staufer</subfield>
  </datafield>
  <datafield tag="583" ind1="1" ind2=" ">
   <subfield code="a">Archivierung prüfen</subfield>
   <subfield code="c">20240324</subfield>
   <subfield code="f">DE-4165</subfield>
   <subfield code="z">2</subfield>
   <subfield code="2">pdager</subfield>
  </datafield>
  <datafield tag="600" ind1="0" ind2="7">
   <subfield code="0">(DE-588)118616951</subfield>
   <subfield code="0">(DE-627)694826707</subfield>
   <subfield code="0">(DE-576)209120010</subfield>
   <subfield code="a">Staufer</subfield>
   <subfield code="c">Dynastie : 950-1268</subfield>
   <subfield code="2">gnd</subfield>
   <subfield code="7">(dpeaa)DE-631</subfield>
  </datafield>
  <datafield tag="650" ind1=" " ind2="4">
   <subfield code="a">Hausgeschichte</subfield>
   <subfield code="0">(DE-631)27157</subfield>
   <subfield code="7">(dpeaa)DE-631</subfield>
  </datafield>
  <datafield tag="655" ind1=" " ind2="7">
   <subfield code="a">Wörterbuch</subfield>
   <subfield code="0">(DE-588)4066724-8</subfield>
   <subfield code="0">(DE-627)104682620</subfield>
   <subfield code="0">(DE-576)209166061</subfield>
   <subfield code="2">gnd-content</subfield>
  </datafield>
  <datafield tag="689" ind1="0" ind2="0">
   <subfield code="d">p</subfield>
   <subfield code="0">(DE-588)118616951</subfield>
   <subfield code="0">(DE-627)694826707</subfield>
   <subfield code="0">(DE-576)209120010</subfield>
   <subfield code="a">Staufer</subfield>
   <subfield code="c">Dynastie : 950-1268</subfield>
   <subfield code="2">gnd</subfield>
  </datafield>
  <datafield tag="689" ind1="0" ind2="1">
   <subfield code="a">z</subfield>
   <subfield code="2">gnd</subfield>
   <subfield code="a">Geschichte</subfield>
  </datafield>
  <datafield tag="689" ind1="0" ind2=" ">
   <subfield code="5">DE-101</subfield>
  </datafield>
  <datafield tag="689" ind1="1" ind2="0">
   <subfield code="d">p</subfield>
   <subfield code="0">(DE-588)118616951</subfield>
   <subfield code="0">(DE-627)694826707</subfield>
   <subfield code="0">(DE-576)209120010</subfield>
   <subfield code="a">Staufer</subfield>
   <subfield code="c">Dynastie : 950-1268</subfield>
   <subfield code="2">gnd</subfield>
  </datafield>
  <datafield tag="689" ind1="1" ind2="1">
   <subfield code="a">z</subfield>
   <subfield code="2">gnd</subfield>
   <subfield code="a">Geschichte</subfield>
  </datafield>
  <datafield tag="689" ind1="1" ind2=" ">
   <subfield code="5">(DE-627)</subfield>
  </datafield>
  <datafield tag="787" ind1="0" ind2="8">
   <subfield code="i">Rezensiert in</subfield>
   <subfield code="a">Hillen, Christian, 1967 - </subfield>
   <subfield code="t">[Rezension von: Friedemann Bedürftig, Die Staufer, ein Lexikon]</subfield>
   <subfield code="d">2006</subfield>
   <subfield code="w">(DE-627)1746336803</subfield>
  </datafield>
  <datafield tag="856" ind1="4" ind2="2">
   <subfield code="u">http://www.gbv.de/dms/bs/toc/504113542.pdf</subfield>
   <subfield code="m">V:DE-601</subfield>
   <subfield code="m">B:DE-84</subfield>
   <subfield code="q">pdf/application</subfield>
   <subfield code="x">Verlag</subfield>
   <subfield code="y">Inhaltsverzeichnis</subfield>
   <subfield code="3">Inhaltsverzeichnis</subfield>
  </datafield>
  <datafield tag="856" ind1="4" ind2="2">
   <subfield code="u">http://deposit.dnb.de/cgi-bin/dokserv?id=2713013&amp;prov=M&amp;dok_var=1&amp;dok_ext=htm</subfield>
   <subfield code="m">X: MVB</subfield>
   <subfield code="q">text/html</subfield>
   <subfield code="v">20130501</subfield>
   <subfield code="x">Verlag</subfield>
   <subfield code="3">Inhaltstext</subfield>
  </datafield>
  <datafield tag="935" ind1=" " ind2=" ">
   <subfield code="a">BWLB</subfield>
  </datafield>
  <datafield tag="935" ind1=" " ind2=" ">
   <subfield code="i">sf</subfield>
  </datafield>
  <datafield tag="935" ind1=" " ind2=" ">
   <subfield code="i">Blocktest</subfield>
  </datafield>
  <datafield tag="936" ind1="r" ind2="v">
   <subfield code="a">NC 1800</subfield>
   <subfield code="b">Deutsche Geschichte (einschließlich Österreich, Auslanddeutschtum und ehem. Ostgebiete)</subfield>
   <subfield code="k">Geschichte</subfield>
   <subfield code="k">Historische Hilfsmittel</subfield>
   <subfield code="k">Nachschlagewerke</subfield>
   <subfield code="k">Mittlere und Neue Geschichte</subfield>
   <subfield code="k">Deutsche Geschichte (einschließlich Österreich, Auslanddeutschtum und ehem. Ostgebiete)</subfield>
   <subfield code="0">(DE-627)127148241X</subfield>
   <subfield code="0">(DE-625)rvk/124416:</subfield>
   <subfield code="0">(DE-576)20148241X</subfield>
  </datafield>
  <datafield tag="936" ind1="r" ind2="v">
   <subfield code="a">NM 1100</subfield>
   <subfield code="b">Deutschland</subfield>
   <subfield code="k">Geschichte</subfield>
   <subfield code="k">Geschichte des Mittelalters</subfield>
   <subfield code="k">Quellen und Darstellungen zum Gesamtzeitraum</subfield>
   <subfield code="k">Quellen (vor allem Reihen)</subfield>
   <subfield code="k">Deutschland</subfield>
   <subfield code="0">(DE-627)1270879855</subfield>
   <subfield code="0">(DE-625)rvk/126263:</subfield>
   <subfield code="0">(DE-576)200879855</subfield>
  </datafield>
  <datafield tag="936" ind1="r" ind2="v">
   <subfield code="a">NM 6920</subfield>
   <subfield code="b">Einzelbeiträge</subfield>
   <subfield code="k">Geschichte</subfield>
   <subfield code="k">Geschichte des Mittelalters</subfield>
   <subfield code="k">Abendländische Geschichte im Mittelalter nach Zeitabschnitten</subfield>
   <subfield code="k">Hochmittelalter (911 - 1254)</subfield>
   <subfield code="k">Staufer (1138 - 1254)</subfield>
   <subfield code="k">Einzelbeiträge</subfield>
   <subfield code="0">(DE-627)1271462362</subfield>
   <subfield code="0">(DE-625)rvk/126391:</subfield>
   <subfield code="0">(DE-576)201462362</subfield>
  </datafield>
  <datafield tag="936" ind1="r" ind2="v">
   <subfield code="a">NM 6900</subfield>
   <subfield code="b">Darstellungen</subfield>
   <subfield code="k">Geschichte</subfield>
   <subfield code="k">Geschichte des Mittelalters</subfield>
   <subfield code="k">Abendländische Geschichte im Mittelalter nach Zeitabschnitten</subfield>
   <subfield code="k">Hochmittelalter (911 - 1254)</subfield>
   <subfield code="k">Staufer (1138 - 1254)</subfield>
   <subfield code="k">Darstellungen</subfield>
   <subfield code="0">(DE-627)1271462338</subfield>
   <subfield code="0">(DE-625)rvk/126390:</subfield>
   <subfield code="0">(DE-576)201462338</subfield>
  </datafield>
  <datafield tag="936" ind1="b" ind2="k">
   <subfield code="a">15.41</subfield>
   <subfield code="j">Deutsche Geschichte bis 1499</subfield>
   <subfield code="x">Deutsche Geschichte</subfield>
   <subfield code="0">(DE-627)18156971X</subfield>
  </datafield>
  <datafield tag="936" ind1="b" ind2="k">
   <subfield code="a">15.33</subfield>
   <subfield code="j">Hoch- und Spätmittelalter</subfield>
   <subfield code="q">coli-conc RVK-&gt;BK</subfield>
   <subfield code="q">https://coli-conc.gbv.de/api/mappings/a326d94a-0ef2-461f-961d-7dd5d7066334</subfield>
   <subfield code="0">(DE-627)181571560</subfield>
  </datafield>
  <datafield tag="951" ind1=" " ind2=" ">
   <subfield code="a">BO</subfield>
  </datafield>
  <datafield tag="990" ind1=" " ind2=" ">
   <subfield code="a">Staufer &lt;Dynastie : 950-1268&gt; </subfield>
  </datafield>
  <datafield tag="990" ind1=" " ind2=" ">
   <subfield code="a">Geschichte</subfield>
  </datafield>
  <datafield tag="990" ind1=" " ind2=" ">
   <subfield code="a">Staufer &lt;Dynastie : 950-1268&gt; </subfield>
  </datafield>
  <datafield tag="990" ind1=" " ind2=" ">
   <subfield code="a">Geschichte</subfield>
  </datafield>
  <datafield tag="991" ind1=" " ind2=" ">
   <subfield code="a">Rezensiertes Werk</subfield>
  </datafield>
  <datafield tag="999" ind1=" " ind2=" ">
   <subfield code="a">KXP-PPN504113542</subfield>
   <subfield code="e">4020846634</subfield>
  </datafield>
 </record>
</collection>
